Project Management : (Record no. 8783)

MARC details
000 -LEADER
fixed length control field 02579nac a22003971u 4500
008 - FIXED-LENGTH DATA ELEMENTS--GENERAL INFORMATION
fixed length control field 090129t xxu||||| |||| 00| 0 eng d
010 ## - LIBRARY OF CONGRESS CONTROL NUMBER
LC control number 2007007198
020 ## - INTERNATIONAL STANDARD BOOK NUMBER
International Standard Book Number 0071287515
020 ## - INTERNATIONAL STANDARD BOOK NUMBER
International Standard Book Number 9780071287517
035 ## - SYSTEM CONTROL NUMBER
System control number (OCoLC)ocm86117314
035 ## - SYSTEM CONTROL NUMBER
System control number (OCoLC)86117314
082 00 - DEWEY DECIMAL CLASSIFICATION NUMBER
Classification number 658.404
Item number GRA
100 ## - MAIN ENTRY--PERSONAL NAME
Personal name Gray, Clifford F.
9 (RLIN) 26190
245 10 - TITLE STATEMENT
Title Project Management :
Remainder of title The Managerial Process /
Statement of responsibility, etc Clifford F. Gray, Erik W. Larson.
250 ## - EDITION STATEMENT
Edition statement 4th ed.
260 ## - PUBLICATION, DISTRIBUTION, ETC. (IMPRINT)
Place of publication, distribution, etc Boston :
Name of publisher, distributor, etc McGraw-Hill/Irwin, 2008
Date of publication, distribution, etc c2008.
300 ## - PHYSICAL DESCRIPTION
Extent xvi, 589 p. :
Other physical details ill. ;
Dimensions 27 cm. +
Accompanying material 1 CD-ROM (4 3/4 in.).
440 #4 -
-- The McGraw-Hill/Irwin series operations and decision sciences
-- 26191
504 ## - BIBLIOGRAPHY, ETC. NOTE
Bibliography, etc Includes bibliographical references and index.
650 #0 - SUBJECT ADDED ENTRY--TOPICAL TERM
Topical term or geographic name as entry element Project management.
9 (RLIN) 26192
650 #0 - SUBJECT ADDED ENTRY--TOPICAL TERM
Topical term or geographic name as entry element Time management.
9 (RLIN) 26193
650 #0 - SUBJECT ADDED ENTRY--TOPICAL TERM
Topical term or geographic name as entry element Risk management.
9 (RLIN) 26194
700 1# - ADDED ENTRY--PERSONAL NAME
Personal name Larson, Erik W.,
Dates associated with a name 1952-
9 (RLIN) 26195
856 41 - ELECTRONIC LOCATION AND ACCESS
Materials specified Table of contents only
Uniform Resource Identifier <a href="http://www.loc.gov/catdir/toc/ecip0713/2007007198.html">http://www.loc.gov/catdir/toc/ecip0713/2007007198.html</a>
856 41 - ELECTRONIC LOCATION AND ACCESS
Materials specified Contributor biographical information
Uniform Resource Identifier <a href="http://www.loc.gov/catdir/enhancements/fy0814/2007007198-b.html">http://www.loc.gov/catdir/enhancements/fy0814/2007007198-b.html</a>
856 41 - ELECTRONIC LOCATION AND ACCESS
Materials specified Publisher description
Uniform Resource Identifier <a href="http://www.loc.gov/catdir/enhancements/fy0814/2007007198-d.html">http://www.loc.gov/catdir/enhancements/fy0814/2007007198-d.html</a>
942 ## - ADDED ENTRY ELEMENTS (KOHA)
Item type Book - Borrowing
Call number prefix 658.404GRA
Source of classification or shelving scheme Dewey Decimal Classification
Holdings
Withdrawn status Item status Source of classification or shelving scheme Damaged status Not for loan Vendor Home library Current library Shelving location Date acquired Source of acquisition Total Checkouts Total Renewals Full call number Barcode Date last seen Date last borrowed Koha item type Materials specified (bound volume or other part)
    Dewey Decimal Classification     Baccah Central Library Central Library First floor 24/03/2008   12 29 658.404 GRA 000010386 15/07/2025 05/10/2016 Book - Borrowing  
    Dewey Decimal Classification     Baccah Central Library Central Library First floor 02/02/2009       658.404 GRA 000014536 24/08/2022   CD | DVD - With book  
    Dewey Decimal Classification     Baccah Central Library Central Library First floor 01/03/2009   2   658.404 GRA 000015000 15/07/2025 25/02/2013 NB - Book (Non borrowing)  
    Dewey Decimal Classification     Baccah Central Library Central Library First floor 01/03/2009       658.404 GRA 000015405 24/08/2022   CD | DVD - With book  
    Dewey Decimal Classification     Baccah Central Library Central Library First floor 01/03/2009       658.404 GRA 000015395 24/08/2022   CD | DVD - With book Lost In Inventory_2018-08-12
  Lost and Paid For Dewey Decimal Classification     Baccah Central Library Central Library First floor 03/03/2009   2 3 658.404 GRA 000015206 24/02/2011 07/10/2010 Book - Borrowing  
    Dewey Decimal Classification     Baccah Central Library Central Library First floor 03/03/2009       658.404 GRA 000015205 24/08/2022   CD | DVD - With book (NB)  
    Dewey Decimal Classification       Central Library Central Library First floor 25/03/2009       658.404 GRA 000015485 24/08/2022   CD | DVD - With book